Normal view
MARC view
- Clements, Alan
Entry Personal Name
001 - CONTROL NUMBER
- control field: 36564
003 - CONTROL NUMBER IDENTIFIER
- control field: NUST
005 - DATE AND TIME OF LATEST TRANSACTION
- control field: 20210314130038.0
008 - FIXED-LENGTH DATA ELEMENTS
- fixed length control field: 210314|| aca||aabn | a|a d
040 ## - CATALOGING SOURCE
- Original cataloging agency: NUST
- Transcribing agency: NUST
100 ## - HEADING--PERSONAL NAME
- Personal name: Clements, Alan
670 ## - SOURCE DATA FOUND
- Source citation: Work cat.: (NUST): Clements, Alan,, The principles of computer hardware /, 2000.
